Control mechanisms in plant development (Record no. 25567)

MARC details
000 -LEADER
fixed length control field 00744nam a2200289Ia 4500
082 ## - DEWEY DECIMAL CLASSIFICATION NUMBER
Classification number 581.14
Item number GAL
100 ## - MAIN ENTRY--AUTHOR NAME
Personal name DAVIES, Peter J
245 #0 - TITLE STATEMENT
Title Control mechanisms in plant development
260 ## - PUBLICATION, DISTRIBUTION, ETC. (IMPRINT)
Place of publication New Jersey
Name of publisher Prentice Hall
Year of publication 1970
490 ## - SERIES STATEMENT
Series statement Foundations of developmental biology series
650 ## - SUBJECT ADDED ENTRY--TOPICAL TERM
Topical Term Abscisic acid
650 ## - SUBJECT ADDED ENTRY--TOPICAL TERM
Topical Term Auxin
650 ## - SUBJECT ADDED ENTRY--TOPICAL TERM
Topical Term Biochemistry
650 ## - SUBJECT ADDED ENTRY--TOPICAL TERM
Topical Term Cytokinin
650 ## - SUBJECT ADDED ENTRY--TOPICAL TERM
Topical Term Ethylene
650 ## - SUBJECT ADDED ENTRY--TOPICAL TERM
Topical Term Flowering
650 ## - SUBJECT ADDED ENTRY--TOPICAL TERM
Topical Term Gibberellin
650 ## - SUBJECT ADDED ENTRY--TOPICAL TERM
Topical Term Leaf abscission
650 ## - SUBJECT ADDED ENTRY--TOPICAL TERM
Topical Term Photoperiodism
650 ## - SUBJECT ADDED ENTRY--TOPICAL TERM
Topical Term Phytochrome
650 ## - SUBJECT ADDED ENTRY--TOPICAL TERM
Topical Term Seed dormancy
650 ## - SUBJECT ADDED ENTRY--TOPICAL TERM
Topical Term Senescence
650 ## - SUBJECT ADDED ENTRY--TOPICAL TERM
Topical Term Tropism
700 ## - ADDED ENTRY--PERSONAL NAME
Personal name GALSTON, Arthur W
942 ## - ADDED ENTRY ELEMENTS (KOHA)
Koha item type Books
Holdings
Withdrawn status Lost status Damaged status Not for loan Home library Current library Date acquired Full call number Accession Number Koha item type
        RRII Library RRII Library 16/12/2021 581.14 GAL 06223 Books